000
00214nam a2200085Ia 4500
245
0
_a
Prince Pantyhose
100
_a
URE, Jean Harlow, 2003
_9
78697
942
_c
BK
008
210817s9999 xx 000 0 und d
999
_c
272459
_d
272459